00606nam a2200169Ia 4500008004100000020001500041040001800056041000800074100001900082245012100101260005500222300001800277504002700295610004100322650002700363650004600390130821s2004 ag gr spa  a987517064x aCo-BoUCMbspa00aspa1 aCahian, Adolfo14aLas ONG's organizaciones no gubernamentales la participación ciudadana. El liderazgo comunitariocAdolfo Cahián aBuenos Aires (Argentina)bEdiciones La Roccac2004 a270 páginas aIncluye bibliografía 7aOrganización No Gubernamental. ONG04aDerecho constitucional04aOrganismos internacionalesxLegislación